Paradox Pokémon - Sudden Death - Statistics

General Stats
  • This quiz has been taken 37 times
    36 since last reset
  • The average score is 8 of 12
Answers on the Grid
Answers color-coded by a green-red scale on the quiz's grid according to % correct below.
Iron Boulder
Iron Thump
Iron Bundle
Walking Wake
Iron Treads
Frowded Blades
Sandy Shocks
Great Tusk
Gouging Fire
Arching Monter
Iron Jolt
Brute Bonnet
Iron Jugulis
Great Scissors
Flutter Mane
Iron Hands
Iron Taunt
Great Fantom
Raging Bolt
Iron Web
 
Answer Stats
Answer % Correct
Iron Treads
85%
Great Tusk
77%
Iron Bundle
77%
Flutter Mane
69%
Iron Boulder
69%
Iron Hands
69%
Iron Jugulis
69%
Walking Wake
69%
Gouging Fire
62%
Raging Bolt
62%
Sandy Shocks
62%
Brute Bonnet
54%
No matching quizzes found
Score Distribution
Percent of People with Each Score
Percentile by Number Answered
Your Score History
You have not taken this quiz since the last reset